| 000 | 01550nam a22005297a 4500 | ||
|---|---|---|---|
| 001 | BR8706284 | ||
| 003 | BR-BrBNA | ||
| 005 | 20230928092729.0 | ||
| 007 | ta | ||
| 008 | 230509b bl.||||| |||| 00| 0 por d | ||
| 040 |
_aBR-BrBNA _bpor _cBiblioteca Nacional de Agricultura |
||
| 041 | _a(Por) | ||
| 072 |
_aF01; E16; Q02 _b1112 |
||
| 090 | _ 1112 BR8706284 | ||
| 100 | 1 | _aSaldanha, E. | |
| 110 | 1 |
_aCentro Nacional de Pesquisa de Mandioca e Fruticultura, Cruz das Almas, BA (Brasil); _91783 |
|
| 110 | 1 |
_aEmpresa Brasileira de Pesquisa Agropecuaria, Brasilia, DF (Brasil). Depto. de Difusao de Tecnologia _93839 |
|
| 245 | 1 | _aBibliografia brasileira de banana | |
| 246 | 1 | _a[Brazilian bibliography of banana] | |
| 260 | 3 |
_aBrasilia, DF (Brasil): _c1986. |
|
| 300 | _a233 p. | ||
| 650 | _aBANANA | ||
| 650 | _aVALOR NUTRITIVO | ||
| 650 | _aARMAZENAMENTO | ||
| 650 | _aCLIMATOLOGIA | ||
| 650 | _aVARIEDADE | ||
| 650 | _aDOENCA DE PLANTA | ||
| 650 | _aPRAGA DE PLANTA | ||
| 650 | _aECONOMIA AGRICOLA | ||
| 650 | _aERVA DANINHA | ||
| 650 | _aADUBACAO | ||
| 650 | _aFERTILIDADE DO SOLO | ||
| 650 | _aFISIOLOGIA | ||
| 650 | _aFLORACAO | ||
| 650 | _aIRRIGACAO | ||
| 650 | _aMELHORAMENTO GENETICO VEGETAL | ||
| 650 | _aNEMATOIDE | ||
| 650 | _aNUTRICAO VEGETAL | ||
| 650 | _aPRATICA CULTURAL | ||
| 650 | _aCOMERCIALIZACAO | ||
| 650 | _aECONOMIA DA PRODUCAO | ||
| 650 | _aSISTEMA DE PRODUCAO | ||
| 650 | _aSOLO | ||
| 650 | _aTECNOLOGIA DE ALIMENTO | ||
| 909 |
_a202309 _bLucia _c55 _dLucia Elande |
||
| 942 | _cBK | ||
| 999 |
_c40858 _d40858 |
||